000 00349 a2200157 4500
001 68617
020 _a8574121045
040 _cAnchieta - Itaigara
100 _aAlbuquerque, Luiz Carlos
240 1 0 _aA guerra dos bichos
_lpor
245 1 0 _aA guerra dos bichos
300 _a31
362 0 _a2003
650 4 _aLiteratura infantil
942 _cBK
999 _c68617
_d68617